The story of human development (Record no. 71516)

MARC details
000 -LEADER
fixed length control field 00759nam a2200253Ia 4500
008 - FIXED-LENGTH DATA ELEMENTS--GENERAL INFORMATION
fixed length control field 191130s2007##################000#0#eng##
020 ## - INTERNATIONAL STANDARD BOOK NUMBER
ISBN 9780130307521
082 ## - DEWEY DECIMAL CLASSIFICATION NUMBER
Classification number 155 POO
100 ## - MAIN ENTRY--AUTHOR NAME
Personal name Poole, Debra A
245 ## - TITLE STATEMENT
Title The story of human development
Statement of responsibility, etc Debra A. Poole, Amye Warren, Narina Nuñez
250 ## - EDITION STATEMENT
Edition statement 1st ed
260 ## - PUBLICATION, DISTRIBUTION, ETC. (IMPRINT)
Place of publication Upper Saddle River, NJ
Name of publisher Pearson/Prentice Hall
Year of publication c2007
300 ## - PHYSICAL DESCRIPTION
Number of Pages xx, 669 p. ; 30 cm
500 ## - GENERAL NOTE
General note Includes bibliographical references and index
650 ## - SUBJECT ADDED ENTRY--TOPICAL TERM
Topical Term Developmental biology
Topical Term Developmental psychology
700 ## - ADDED ENTRY--PERSONAL NAME
Personal name Nuñez, Narina
Personal name Warren, Amye
991 ## -
-- 231312
Holdings
Withdrawn status Lost status Damaged status Not for loan Home library Current library Shelving location Date acquired Full call number Accession Number Price effective from Koha item type
        Anna Centenary Library Anna Centenary Library 3RD FLOOR, A WING 09.10.2020 155 POO 314751 09.10.2020 English Books

Find us on the map